De ciencia, gestin̤ pb︢lica y otros menesteres Tratado de estrategia, emociones colectivas y buenas prc̀ticas /

Detalles Bibliográficos
Autor principal: Sanabria Přez, Carmen
Otros Autores: Sereno ℓlvarez, Alberto
Formato: eBook
Lenguaje:español
Publicado: Madrid: Instituto Nacional de Administracin̤ Pb︢lica (INAP), 2017
Materias:
Acceso en línea:Acceso restringido

MARC

LEADER 00000nam a22000007a 4500
005 2018040302512.0
007 cr|||| ||||
008 180403s2017 es |||||s|||| 00||0 spa d
020 |a 978-84-7351-604-4 
035 |a 21324 
040 |a vLex 
090 |c 7654  |d 7654 
100 1 |a Sanabria Přez, Carmen 
245 1 0 |a De ciencia, gestin̤ pb︢lica y otros menesteres  |h [Recurso electrn̤ico] :  |b Tratado de estrategia, emociones colectivas y buenas prc̀ticas /  |c Carmen Sanabria Přez, Alberto Sereno ℓlvarez 
256 |a Servicio en ln̕ea 
260 |a Madrid:  |b Instituto Nacional de Administracin̤ Pb︢lica (INAP),  |c 2017 
300 |a 1 recurso electrn̤ico 
506 1 |a Disponible solo en los productos indicados  |d vLex Global  |d vLex Global (Academic Edition, excluding Law Schools)  |d vLex Global (U.S. Academic Edition, Law Schools)  |d vLex Global (U.S. Academic Edition, excluding Law Schools)  |d vLex Global (Academic Edition, Law Schools) 
650 0 4 |a Derecho Pb︢lico y Administrativo  |z Espaą 
700 1 |a Sereno ℓlvarez, Alberto 
740 0 |a vLex Libros (Servicio en ln̕ea) 
856 4 0 |u http://vlex.com/source/de-ciencia-gestion-publica-otros-menesteres-21324  |z Acceso restringido 
942 |c BOOK 
999 0 |a Public and Administrative Law